000 01243nam a2200241Ia 4500
003 Ost
005 20260507075336.0
008 260507s9999||||xx |||||||||||||| ||und||
020 _a30914779779
040 _cfsecg
041 _aara
082 _a330
100 _aبشير المغربي، محمد الفاتح محمود
_eمؤلف
245 0 _aتمويل و مؤسسات مالية /
_c محمد الفاتح محمود بشير المغربي
260 _aالقاهرة:
_bالشركة العربية المتحدة للتسويق و التوريدات,
_c2011
300 _a435 صفحة؛
_bإيضاحات ؛
_c24 سم
520 _aطبيعة و أهية و أنواع المصارف التجارية ، البورصات و مؤسسات التمويل الدولية و الاقليمية ، التمويل و الهيكل المالي ، تكلفة التمويل و قرارات الهيكل المالي للمنشأة و تمويل المشروع ، تقييم الاستثمار و الانفاق الاستثماري ، الخطرو التأمين
653 _aالبنوك التجارية
653 _aالبورصات
653 _aالتأمين- مخاطر
653 _aالتمويل
942 _cكتاب
999 _c44053
_d44053